Risk Assessment : Tools, Techniques and Their Applications

Gespeichert in:
Bibliographische Detailangaben
Hauptverfasser: Ostrom, Lee T. (Verfasst von), Wilhelmsen, Cheryl A. (Verfasst von)
Format: Buch
Sprache:Englisch
Veröffentlicht: New Jersey : John Wiley & Sons, Inc., 2012
Tags: Tag hinzufügen
Keine Tags, Fügen Sie das erste Tag hinzu!

MARC

LEADER 00000nam a22000003a 4500
001 stu259440
005 20190206124635.7
008 121213s--------xxu-----------------eng-d
020 |a 978-0-470-89203-9 
040 |a STU  |b slo 
041 0 |a eng 
044 |a xxu 
080 |a 620.001 
100 1 |a Ostrom, Lee T.  |4 aut 
245 1 |a Risk Assessment :  |b Tools, Techniques and Their Applications 
260 |a New Jersey :  |b John Wiley & Sons, Inc.,  |c 2012 
300 |a 392 s 
700 1 |a Wilhelmsen, Cheryl A.  |4 aut 
996 |b 284EK89171  |c E*89171  |l EE36  |s P  |a 0  |w stu259440_0001